Advanced inorganic chemistry

Saved in:
Bibliografiske detaljer
Main Authors: Cotton, Frank Albert (Author), Wilkinson, Geoffrey (Author), Murillo, Carlos A (Author), Bochmann, Manfred (Author)
Format: Bog
Sprog:engelsk
Udgivet: Nueva York John Wiley 1999
Udgivelse:6a. ed
Fag:
Tags: Tilføj Tag
Ingen Tags, Vær først til at tagge denne postø!

MARC

LEADER 00000nam a2200000 a 4500
001 UCN0843
003 CL-VaPUC
008 010406e19990000US |||||||||||||||||eng|d
082 0 4 |a 546  |b COT  |2 21 
100 0 |a Cotton, Frank Albert  |e author  |9 456096 
700 0 |a Wilkinson, Geoffrey  |e author  |9 456097 
700 0 |a Murillo, Carlos A  |e author  |9 456098 
700 0 |a Bochmann, Manfred  |e author  |9 456099 
245 1 0 |a Advanced inorganic chemistry 
250 |a 6a. ed 
300 |a 1355 p 
942 |c BK 
945 |d 20010406 00:00:00  |a cmena 
260 |a Nueva York  |b John Wiley  |c 1999 
650 0 |a Química inorgánica  |9 260154 
650 0 |a Estados de la Materia  |9 347141 
650 0 |a Química analítica  |9 259648 
650 0 |a Reacciones químicas  |9 259438 
650 0 |a Espectroscopía  |9 306791 
650 7 |a MAGNETOQUIMICA  |2 CL-VaPUC  |9 373896 
650 7 |a QUIMICA MOLECULAR  |2 CL-VaPUC  |9 360477 
650 0 |a Estructura molecular  |9 306892 
583 |a last modification  |c 20010406 00:00:00  |k Rodrigo Vera 
999 |c 294461  |d 294459 
952 |0 0  |1 0  |4 0  |6 546_000000000000000_COT_1999  |7 0  |8 A  |9 346918  |a BIBCUR  |b BIBCUR  |d 2019-11-20  |i 3706389  |o 546 COT 1999  |p 3706389  |r 2025-04-22  |w 2019-11-20  |y BK  |k DCQ